000 00341nam a22001457a 4500
005 20250509072033.0
008 250509b |||||||| |||| 00| 0 eng d
082 _222
_a894
_bMOG
100 _aRangakumar
245 _aMohavasal
260 _aMadras
_bSuriya Achagam
_c1995
300 _a132 p .,
650 _aSirukadhai Thoguppu
942 _cL
999 _c6040
_d6040